[Event "VIE-chT"]
[Site "Hanoi"]
[Date "2022.04.01"]
[Round "7.2"]
[White "Cao, Sang"]
[Black "Pham, Minh Hieu"]
[Result "1-0"]
[WhiteElo "2401"]
[BlackElo "1978"]
[PlyCount "85"]
[EventDate "2022.03.28"]
[EventType "swiss"]
[EventRounds "9"]
[EventCountry "VIE"]
[SourceTitle "EXT 2023"]
[Source "ChessBase"]
[SourceDate "2022.10.05"]
[SourceVersion "1"]
[SourceVersionDate "2022.10.05"]
[SourceQuality "1"]

1. e4 c5 2. Nf3 Nc6 3. Bb5 g6 4. Bxc6 dxc6 5. h3 Bg7 6. d3 Nf6 7. Nc3 Nd7 8. Be3 e5 9. Qd2 Qe7 10. Na4 b6 11. Nc3 Nf8 12. a4 a5 13. Bh6 Bxh6 14. Qxh6 f6 15. Ne2 Ne6 16. Nd2 Qf8 17. Qe3 Nd4 18. Nxd4 cxd4 19. Qe2 Be6 20. 0-0 Qd6 21. b3 0-0 22. Nf3 Ra7 23. Qd2 g5 24. Nh2 h5 25. Qe2 Rh7 26. Rfe1 Kf7 27. Nf1 h4 28. Nh2 c5 29. Qf3 Ke7 30. Ng4 Bxg4 31. hxg4 Qe6 32. Kf1 Kd6 33. Ke2 Kc6 34. Rh1 Rhh8 35. Rh2 Rh6 36. Rah1 Kd6 37. g3 Ke7 38. gxh4 gxh4 39. Qf5 Qxf5 40. exf5 Kd6 41. f4 exf4 42. Kf3 Re8 43. Kxf4 1-0

[Event "VIE-chT"]
[Site "Hanoi"]
[Date "2022.03.28"]
[Round "2.3"]
[White "Pham, Minh Hieu"]
[Black "Nguyen, Duc Hoa"]
[Result "1/2-1/2"]
[WhiteElo "1978"]
[BlackElo "2415"]
[PlyCount "115"]
[EventDate "2022.03.28"]
[EventType "swiss"]
[EventRounds "9"]
[EventCountry "VIE"]
[SourceTitle "EXT 2023"]
[Source "ChessBase"]
[SourceDate "2022.10.05"]
[SourceVersion "1"]
[SourceVersionDate "2022.10.05"]
[SourceQuality "1"]

1. e4 c6 2. d4 d5 3. Nc3 dxe4 4. Nxe4 Nf6 5. Nxf6+ exf6 6. Nf3 Bd6 7. Bd3 0-0 8. 0-0 Bg4 9. h3 Bh5 10. Bf5 Re8 11. Qd3 Bg6 12. c4 Na6 13. Bd2 Nb4 14. Bxb4 Bxb4 15. Bxg6 hxg6 16. a3 Ba5 17. b4 Bc7 18. Rfe1 Qd6 19. Rxe8+ Rxe8 20. Re1 Rd8 21. Qe4 g5 22. h4 gxh4 23. Qxh4 g6 24. c5 Qf4 25. Qxf4 Bxf4 26. g3 Bc7 27. Re7 Rc8 28. Rd7 Kf8 29. d5 Ke8 30. dxc6 bxc6 31. Rd4 f5 32. Kf1 a5 33. Ke2 Ra8 34. Ke3 axb4 35. axb4 Ke7 36. Rd3 Ra6 37. Kd4 Ra2 38. Rd2 Ra3 39. Rd3 Ra2 40. Ke3 Ra6 41. Nd4 Be5 42. Nb3 Bc7 43. Kd4 Ra2 44. Rd2 Rxd2+ 45. Nxd2 Ke6 46. Nc4 f6 47. Na3 Be5+ 48. Kc4 f4 49. gxf4 Bxf4 50. b5 cxb5+ 51. Nxb5 g5 52. f3 f5 53. c6 g4 54. fxg4 fxg4 55. Kd3 g3 56. Ke2 Kd5 57. c7 Bxc7 58. Nxc7+ 1/2-1/2

[Event "VIE-ch"]
[Site "Tinh Bac Giang"]
[Date "2022.02.28"]
[Round "4"]
[White "Le, Huu Thai"]
[Black "Pham, Minh Hieu"]
[Result "1-0"]
[WhiteElo "2248"]
[BlackElo "1978"]
[PlyCount "55"]
[EventDate "2022.02.28"]
[EventType "swiss"]
[EventRounds "9"]
[EventCountry "VIE"]
[SourceTitle "CBM 207 Extra"]
[Source "ChessBase"]
[SourceDate "2022.05.31"]
[SourceVersion "1"]
[SourceVersionDate "2022.05.31"]
[SourceQuality "1"]

1. d4 Nf6 2. g3 d5 3. Bg2 Bf5 4. c4 c6 5. Nc3 e6 6. Nf3 Nbd7 7. Nh4 Bg6 8. Nxg6 hxg6 9. cxd5 exd5 10. Bf4 Nh5 11. Be3 Nb6 12. 0-0 Be7 13. Rb1 Nc4 14. Bc1 a5 15. Qd3 Nd6 16. f3 Nf6 17. e4 dxe4 18. fxe4 Ng4 19. h3 Nh6 20. a3 0-0 21. b4 axb4 22. axb4 Qb6 23. b5 Nxb5 24. Nxb5 cxb5 25. Rxb5 Qd8 26. Rxb7 Bc5 27. Rd1 Ra1 28. Be3 1-0

[Event "VIE-ch"]
[Site "Ho Chi Minh City"]
[Date "2021.03.30"]
[Round "9"]
[White "Tran, Dang Minh Quang"]
[Black "Pham, Minh Hieu"]
[Result "1/2-1/2"]
[WhiteElo "2077"]
[BlackElo "1950"]
[PlyCount "58"]
[EventDate "2021.03.24"]
[EventType "swiss"]
[EventRounds "9"]
[EventCountry "VIE"]
[SourceTitle "EXT 2022"]
[Source "ChessBase"]
[SourceDate "2021.10.06"]
[SourceVersion "1"]
[SourceVersionDate "2021.10.06"]
[SourceQuality "1"]

1. d4 Nf6 2. c4 e6 3. Nc3 Bb4 4. e3 b6 5. Bd2 Bb7 6. a3 Bxc3 7. Bxc3 Ne4 8. Rc1 a5 9. Nf3 d6 10. Bd3 Nd7 11. 0-0 0-0 12. b3 Nxc3 13. Rxc3 e5 14. Bf5 g6 15. Bxd7 Bxf3 16. Qxf3 exd4 17. Rd3 Qxd7 18. Rxd4 Rae8 19. Rfd1 Re5 20. h4 Rfe8 21. g3 h5 22. Kg2 Kg7 23. Rd5 Qg4 24. R1d4 Qxf3+ 25. Kxf3 f5 26. Ke2 Kf6 27. Kd3 R5e6 28. Kc3 Ke7 29. Rd2 Kf6 1/2-1/2

[Event "VIE-ch"]
[Site "Ho Chi Minh City"]
[Date "2021.03.28"]
[Round "7"]
[White "Bao, Khoa"]
[Black "Pham, Minh Hieu"]
[Result "1/2-1/2"]
[WhiteElo "2282"]
[BlackElo "1950"]
[PlyCount "33"]
[EventDate "2021.03.24"]
[EventType "swiss"]
[EventRounds "9"]
[EventCountry "VIE"]
[SourceTitle "EXT 2022"]
[Source "ChessBase"]
[SourceDate "2021.10.06"]
[SourceVersion "1"]
[SourceVersionDate "2021.10.06"]
[SourceQuality "1"]

1. d4 Nf6 2. Nf3 e6 3. c4 b6 4. g3 Bb7 5. Bg2 Bb4+ 6. Bd2 Bxd2+ 7. Nbxd2 d6 8. 0-0 0-0 9. Qc2 Nbd7 10. e4 e5 11. d5 a5 12. b3 Qe7 13. a3 Rfc8 14. b4 c6 15. dxc6 Rxc6 16. Qb3 Rc7 17. Ne1 1/2-1/2

[Event "VIE-ch"]
[Site "Ho Chi Minh City"]
[Date "2021.03.28"]
[Round "6"]
[White "Pham, Minh Hieu"]
[Black "Lu, Chan Hung"]
[Result "1/2-1/2"]
[WhiteElo "1950"]
[BlackElo "2197"]
[PlyCount "32"]
[EventDate "2021.03.24"]
[EventType "swiss"]
[EventRounds "9"]
[EventCountry "VIE"]
[SourceTitle "EXT 2022"]
[Source "ChessBase"]
[SourceDate "2021.10.06"]
[SourceVersion "1"]
[SourceVersionDate "2021.10.06"]
[SourceQuality "1"]

1. e4 c5 2. Nc3 e5 3. g3 g6 4. Bg2 Bg7 5. d3 d6 6. Be3 Ne7 7. Qd2 Nbc6 8. Bh6 0-0 9. h4 Nd4 10. Bxg7 Kxg7 11. h5 Ng8 12. Nce2 h6 13. Nxd4 exd4 14. f4 Bg4 15. Bf3 Qd7 16. Qe2 Bxf3 1/2-1/2

[Event "VIE-ch"]
[Site "Ho Chi Minh City"]
[Date "2021.03.24"]
[Round "1"]
[White "Tran, Minh Thang"]
[Black "Pham, Minh Hieu"]
[Result "1-0"]
[WhiteElo "2320"]
[BlackElo "1950"]
[PlyCount "73"]
[EventDate "2021.03.24"]
[EventType "swiss"]
[EventRounds "9"]
[EventCountry "VIE"]
[SourceTitle "EXT 2022"]
[Source "ChessBase"]
[SourceDate "2021.10.06"]
[SourceVersion "1"]
[SourceVersionDate "2021.10.06"]
[SourceQuality "1"]

1. Nf3 Nf6 2. e3 d5 3. b3 e6 4. Bb2 Be7 5. d4 0-0 6. Bd3 c5 7. 0-0 Nc6 8. Ne5 cxd4 9. exd4 Nxe5 10. dxe5 Nd7 11. c4 dxc4 12. Bxc4 Nb6 13. Bd3 Bd7 14. Qg4 Nd5 15. Nd2 Bc6 16. Rad1 Qa5 17. Ne4 g6 18. Nf6+ Nxf6 19. exf6 Ba3 20. Bxa3 Qxa3 21. Qf4 Rfd8 22. b4 Qc3 23. b5 Bd5 24. Bb1 Rac8 25. Rd4 Qc5 26. Rfd1 Rd7 27. h4 Qd6 28. Qg5 Qf8 29. h5 h6 30. Qg4 Qd8 31. hxg6 Qxf6 32. gxf7+ Kh8 33. Rxd5 Rxf7 34. R5d2 Rg8 35. Qd4 e5 36. Qe4 Rfg7 37. g3 1-0

[Event "VIE Cup"]
[Site "Hanoi"]
[Date "2021.??.??"]
[Round "3"]
[White "Tran, Tri Duc"]
[Black "Pham, Minh Hieu"]
[Result "0-1"]
[WhiteElo "2457"]
[BlackElo "1978"]
[PlyCount "66"]
[EventDate "2021.05.03"]
[EventType "swiss"]
[EventRounds "9"]
[EventCountry "VIE"]
[SourceTitle "EXT 2022"]
[Source "ChessBase"]
[SourceDate "2021.10.06"]
[SourceVersion "1"]
[SourceVersionDate "2021.10.06"]
[SourceQuality "1"]

1. d4 Nf6 2. Nf3 e6 3. Bf4 b6 4. e3 Bb7 5. c4 Bb4+ 6. Nbd2 Bxd2+ 7. Nxd2 d6 8. Bg3 Nbd7 9. Be2 Bxg2 10. Rg1 Bb7 11. Bf3 c6 12. b4 h6 13. Bh4 g5 14. Bg3 e5 15. Ne4 Nxe4 16. Bxe4 Nf6 17. Bf3 Qe7 18. b5 e4 19. Bg2 cxb5 20. cxb5 Rc8 21. Rc1 0-0 22. Bf1 Rxc1 23. Qxc1 Rc8 24. Qd2 Nh5 25. Bh4 Ng7 26. Bg3 Qe6 27. h4 Bd5 28. a4 Bc4 29. Bg2 Bd3 30. Rh1 Rc2 31. Qd1 Qc4 32. Bxe4 Qc3+ 33. Qd2 Qxd2# 0-1

[Event "VIE-ch op"]
[Site "Hanoi"]
[Date "2020.11.27"]
[Round "7"]
[White "Vo, Thanh Ninh"]
[Black "Pham, Minh Hieu"]
[Result "0-1"]
[WhiteElo "2344"]
[BlackElo "2326"]
[PlyCount "69"]
[EventDate "2020.11.23"]
[EventType "swiss"]
[EventRounds "9"]
[EventCountry "VIE"]
[SourceTitle "CBM 199 Extra"]
[Source "ChessBase"]
[SourceDate "2021.01.31"]
[SourceVersion "1"]
[SourceVersionDate "2021.01.31"]
[SourceQuality "1"]

1. e4 c5 2. Nc3 Nc6 3. g3 g6 4. Bg2 Bg7 5. d3 d6 6. f4 e6 7. Nf3 Nge7 8. 0-0 0-0 9. Be3 Nd4 10. Bf2 Nec6 11. Nxd4 Nxd4 12. Qd2 Rb8 13. Nd1 b5 14. c3 Nc6 15. Ne3 b4 16. e5 Bb7 17. Nc4 bxc3 18. bxc3 d5 19. Nd6 Qa5 20. Qe3 Ba6 21. Qxc5 Qxc5 22. Bxc5 Bxd3 23. Rfd1 Ba6 24. c4 Ne7 25. Nb5 Bxb5 26. Bxe7 Bxc4 27. Bf1 Rfc8 28. Rab1 Bf8 29. Bxf8 Kxf8 30. Bxc4 Rxb1 31. Rxb1 Rxc4 32. Rb8+ Kg7 33. a3 Rc6 34. a4 Rc4 35. a5 0-1

[Event "VIE-ch op"]
[Site "Hanoi"]
[Date "2020.11.25"]
[Round "4"]
[White "Pham, Minh Hieu"]
[Black "Lu, Chan Hung"]
[Result "1/2-1/2"]
[WhiteElo "2326"]
[BlackElo "2335"]
[PlyCount "34"]
[EventDate "2020.11.23"]
[EventType "swiss"]
[EventRounds "9"]
[EventCountry "VIE"]
[SourceTitle "CBM 199 Extra"]
[Source "ChessBase"]
[SourceDate "2021.01.31"]
[SourceVersion "1"]
[SourceVersionDate "2021.01.31"]
[SourceQuality "1"]

1. e4 c5 2. Nc3 Nc6 3. g3 g6 4. Bg2 Bg7 5. d3 d6 6. Be3 Rb8 7. Qd2 b5 8. Nge2 b4 9. Nd1 Bb7 10. 0-0 h5 11. h3 Nf6 12. f4 0-0 13. c3 bxc3 14. bxc3 Qa5 15. Nc1 Nd7 16. g4 hxg4 17. hxg4 e6 1/2-1/2

[Event "VIE-ch op"]
[Site "Hanoi"]
[Date "2020.11.25"]
[Round "5"]
[White "Tran, Quoc Dung"]
[Black "Pham, Minh Hieu"]
[Result "1-0"]
[WhiteElo "2342"]
[BlackElo "2326"]
[PlyCount "121"]
[EventDate "2020.11.23"]
[EventType "swiss"]
[EventRounds "9"]
[EventCountry "VIE"]
[SourceTitle "CBM 199 Extra"]
[Source "ChessBase"]
[SourceDate "2021.01.31"]
[SourceVersion "1"]
[SourceVersionDate "2021.01.31"]
[SourceQuality "1"]

1. d4 Nf6 2. c4 e6 3. Nf3 b6 4. Nc3 Bb4 5. Bd2 Bb7 6. a3 Bxc3 7. Bxc3 Ne4 8. Qc2 d6 9. e3 Nd7 10. Bd3 Nxc3 11. Qxc3 Qf6 12. Qc2 c5 13. Be4 Bxe4 14. Qxe4 0-0 15. 0-0 cxd4 16. Nxd4 Qe5 17. Qf3 Rfc8 18. Rac1 Qf6 19. Rfd1 Qxf3 20. Nxf3 d5 21. cxd5 exd5 22. Kf1 Nf6 23. Nd4 Kf8 24. Ke2 a6 25. f3 Rc5 26. Nb3 Rc4 27. Nd2 Rcc8 28. g4 g5 29. Kd3 Ke7 30. Nb3 Nd7 31. Ke2 Rxc1 32. Rxc1 Ne5 33. Nd4 Kd7 34. Rd1 Rc8 35. b3 Rc3 36. a4 Nc6 37. Kd2 Rc5 38. h4 h6 39. Nf5 Nb4 40. Rc1 Rxc1 41. Kxc1 gxh4 42. Nxh4 Nd3+ 43. Kd2 Ne5 44. Ke2 Kc6 45. Nf5 Kc5 46. Nxh6 Kb4 47. g5 Kxb3 48. f4 Ng6 49. Nxf7 Ne7 50. Nh6 b5 51. axb5 axb5 52. f5 b4 53. g6 Kc2 54. g7 b3 55. f6 b2 56. fxe7 b1Q 57. e8Q Qd1+ 58. Kf2 Qd2+ 59. Kf3 Qd1+ 60. Kf4 Qf1+ 61. Kg5 1-0

[Event "VIE-ch op"]
[Site "Hanoi"]
[Date "2020.11.23"]
[Round "1"]
[White "Dang, Hoang Son"]
[Black "Pham, Minh Hieu"]
[Result "1/2-1/2"]
[WhiteElo "2343"]
[BlackElo "2326"]
[PlyCount "114"]
[EventDate "2020.11.23"]
[EventType "swiss"]
[EventRounds "9"]
[EventCountry "VIE"]
[SourceTitle "CBM 199 Extra"]
[Source "ChessBase"]
[SourceDate "2021.01.31"]
[SourceVersion "1"]
[SourceVersionDate "2021.01.31"]
[SourceQuality "1"]

1. e4 c5 2. Nf3 Nc6 3. d4 cxd4 4. Nxd4 g6 5. Nc3 Bg7 6. Be3 Nf6 7. Bc4 0-0 8. Bb3 a5 9. f3 d5 10. Bxd5 Nxd5 11. exd5 Nb4 12. Nde2 e6 13. dxe6 Bxe6 14. a3 Nd5 15. Bd4 Nxc3 16. bxc3 Bc4 17. Ng3 Re8+ 18. Kf2 Ra6 19. Bxg7 Qxd1 20. Raxd1 Kxg7 21. Rhe1 Rxe1 22. Kxe1 Rb6 23. Rd4 Rb1+ 24. Kd2 b5 25. Ne4 Rg1 26. g4 Rg2+ 27. Kc1 Rxh2 28. a4 Be2 29. axb5 Bxb5 30. g5 h6 31. f4 hxg5 32. fxg5 Rg2 33. Kb2 Bc6 34. Nd6 Rxg5 35. Rc4 Bd7 36. Rc7 Be6 37. c4 a4 38. Ka3 Rg2 39. c3 g5 40. c5 g4 41. c6 Ra2+ 42. Kb4 g3 43. Nxf7 Kf6 44. Nd6 g2 45. Ne8+ Ke5 46. Rg7 Rb2+ 47. Kxa4 Rb8 48. Rg5+ Kf4 49. Rxg2 Rxe8 50. Kb5 Rc8 51. Rd2 Ke5 52. Kc5 Bf5 53. Rd5+ Ke6 54. Rd6+ Ke5 55. c4 Be6 56. Rd4 Rxc6+ 57. Kxc6 Kxd4 1/2-1/2

[Event "VIE-ch"]
[Site "Hanoi"]
[Date "2020.10.11"]
[Round "9"]
[White "Nguyen, Cong Tai"]
[Black "Pham, Minh Hieu"]
[Result "1-0"]
[WhiteElo "1879"]
[BlackElo "1995"]
[PlyCount "147"]
[EventDate "2020.10.05"]
[EventType "swiss"]
[EventRounds "9"]
[EventCountry "VIE"]
[SourceTitle "EXT 2022"]
[Source "ChessBase"]
[SourceDate "2021.10.06"]
[SourceVersion "1"]
[SourceVersionDate "2021.10.06"]
[SourceQuality "1"]

1. Nf3 Nf6 2. g3 c5 3. Bg2 Nc6 4. d3 g6 5. Nc3 Bg7 6. e4 d6 7. 0-0 0-0 8. h3 Rb8 9. a4 a6 10. Nh4 b5 11. axb5 axb5 12. f4 Nd4 13. f5 b4 14. Ne2 Nh5 15. Kh2 Nxe2 16. Qxe2 Be5 17. Bf4 Nxf4 18. gxf4 Bxb2 19. fxg6 fxg6 20. Rab1 Bf6 21. Nf3 Bg7 22. f5 gxf5 23. exf5 Bf6 24. Nd2 Be5+ 25. Kh1 Bxf5 26. Rxf5 Rxf5 27. Qg4+ Kh8 28. Qxf5 Qg8 29. Be4 e6 30. Qh5 Rf8 31. Nf3 Bf6 32. Nh4 Bxh4 33. Qxh4 d5 34. Bg2 Qg6 35. Re1 Rg8 36. Re2 b3 37. cxb3 Qxd3 38. Rxe6 Qb1+ 39. Re1 Qf5 40. Rf1 Qg5 41. Qxg5 Rxg5 42. Rf2 Kg7 43. Rd2 c4 44. Bxd5 cxb3 45. Bxb3 Rb5 46. Bc2 Rb7 47. Rd6 Re7 48. Bd3 Rf7 49. Kg2 Rf6 50. Rd5 Rf7 51. Kg3 Kh6 52. Kg4 Kg7 53. h4 Re7 54. h5 Rf7 55. Kg5 h6+ 56. Kg4 Rf6 57. Bg6 Ra6 58. Rd7+ Kg8 59. Rh7 Ra4+ 60. Kf3 Ra3+ 61. Ke4 Ra4+ 62. Kd3 Ra3+ 63. Kc4 Ra4+ 64. Kb3 Rh4 65. Rxh6 Kg7 66. Rh7+ Kg8 67. Ra7 Kh8 68. Kc3 Kg8 69. Kd3 Rg4 70. Ke3 Rg1 71. Kf4 Kh8 72. Kf5 Kg8 73. Kf6 Rf1+ 74. Bf5 1-0

[Event "VIE-chT"]
[Site "Ho Chi Minh City"]
[Date "2019.10.02"]
[Round "9.4"]
[White "Tran, Quoc Dung"]
[Black "Pham, Minh Hieu"]
[Result "1-0"]
[WhiteElo "2339"]
[BlackElo "1994"]
[PlyCount "49"]
[EventDate "2019.09.26"]
[EventType "team-swiss"]
[EventRounds "9"]
[EventCountry "VIE"]
[SourceTitle "EXT 2020"]
[Source "ChessBase"]
[SourceDate "2019.10.17"]
[SourceVersion "1"]
[SourceVersionDate "2019.10.17"]
[SourceQuality "1"]

1. d4 Nf6 2. c4 e6 3. Nc3 Bb4 4. e3 b6 5. Nge2 Bb7 6. a3 Be7 7. d5 e5 8. Ng3 0-0 9. Bd3 a5 10. Nf5 Na6 11. 0-0 Nc5 12. Bc2 g6 13. Nxe7+ Qxe7 14. f4 exf4 15. Rxf4 Rae8 16. e4 Qe5 17. Qf1 Nh5 18. Rf2 d6 19. Bh6 Ng7 20. Rd1 Re7 21. Be3 Nd7 22. Bd4 Qh5 23. Rd3 g5 24. Rh3 Qg6 25. e5 1-0

[Event "VIE-chT"]
[Site "Ho Chi Minh City"]
[Date "2019.09.29"]
[Round "6.17"]
[White "Pham, Minh Hieu"]
[Black "Dang, Anh Quoc"]
[Result "1-0"]
[WhiteElo "1994"]
[BlackElo "1683"]
[PlyCount "57"]
[EventDate "2019.09.26"]
[EventType "team-swiss"]
[EventRounds "9"]
[EventCountry "VIE"]
[SourceTitle "EXT 2020"]
[Source "ChessBase"]
[SourceDate "2019.10.17"]
[SourceVersion "1"]
[SourceVersionDate "2019.10.17"]
[SourceQuality "1"]

1. e4 e6 2. d4 d5 3. Nd2 Nf6 4. Bd3 c5 5. c3 Nc6 6. Ngf3 Be7 7. 0-0 0-0 8. exd5 Nxd5 9. dxc5 Bxc5 10. Bb1 e5 11. Qc2 f5 12. b4 Bb6 13. b5 e4 14. bxc6 exf3 15. Nxf3 bxc6 16. Rd1 Qc7 17. a4 Nf6 18. Ba3 c5 19. a5 Bxa5 20. Bxc5 Qxc5 21. Qa2+ Kh8 22. Qxa5 Qxa5 23. Rxa5 Ne4 24. Bxe4 fxe4 25. Ng5 Bf5 26. Rd4 Rab8 27. h3 Rb1+ 28. Kh2 h6 29. Rxf5 1-0

[Event "VIE-chT"]
[Site "Ho Chi Minh City"]
[Date "2019.09.28"]
[Round "4.17"]
[White "Pham, Minh Hieu"]
[Black "Ngo, Minh Quan"]
[Result "1/2-1/2"]
[WhiteElo "1994"]
[BlackElo "1897"]
[PlyCount "77"]
[EventDate "2019.09.26"]
[EventType "team-swiss"]
[EventRounds "9"]
[EventCountry "VIE"]
[SourceTitle "EXT 2020"]
[Source "ChessBase"]
[SourceDate "2019.10.17"]
[SourceVersion "1"]
[SourceVersionDate "2019.10.17"]
[SourceQuality "1"]

1. e4 c5 2. Nc3 Nc6 3. g3 g6 4. Bg2 Bg7 5. d3 d6 6. Be3 Rb8 7. Qd2 e6 8. Nge2 Nd4 9. Bxd4 cxd4 10. Nb5 Qb6 11. Qb4 Ke7 12. Qb3 Bd7 13. Na3 Qc5 14. c3 dxc3 15. bxc3 Nf6 16. 0-0 Rhc8 17. c4 Qa5 18. Rab1 Ne8 19. Qb4 Qxb4 20. Rxb4 Nc7 21. Rbb1 b5 22. cxb5 Nxb5 23. Nc4 Nd4 24. Nf4 Bb5 25. Na3 Ba6 26. h4 Be5 27. Nc4 Bxc4 28. dxc4 Bxf4 29. gxf4 Ne2+ 30. Kh2 Nxf4 31. Rb3 Rxb3 32. axb3 Rb8 33. Ra1 Rxb3 34. Rxa7+ Kf6 35. Rd7 Rc3 36. Bf1 Rc1 37. Kg1 Ne2+ 38. Kg2 Nf4+ 39. Kg1 1/2-1/2

[Event "VIE-chT"]
[Site "Ho Chi Minh City"]
[Date "2019.09.26"]
[Round "1.29"]
[White "Pham, Le Anh Kiet"]
[Black "Pham, Minh Hieu"]
[Result "0-1"]
[WhiteElo "1907"]
[BlackElo "1994"]
[PlyCount "92"]
[EventDate "2019.09.26"]
[EventType "team-swiss"]
[EventRounds "9"]
[EventCountry "VIE"]
[SourceTitle "EXT 2020"]
[Source "ChessBase"]
[SourceDate "2019.10.17"]
[SourceVersion "1"]
[SourceVersionDate "2019.10.17"]
[SourceQuality "1"]

1. d4 Nf6 2. c4 e6 3. Nc3 Bb4 4. Qc2 d5 5. Bg5 h6 6. Bh4 g5 7. Bg3 Ne4 8. e3 h5 9. f3 Nxg3 10. hxg3 Qd6 11. f4 b6 12. Nf3 gxf4 13. gxf4 Nd7 14. g4 dxc4 15. Rxh5 Rg8 16. Qh7 Nf6 17. Qh6 Nxg4 18. Qh7 Nf6 19. Qh6 Nxh5 20. Qxh5 Bxc3+ 21. bxc3 Qa3 22. Qb5+ Bd7 23. Qxc4 b5 24. Qd3 b4 25. cxb4 Qxb4+ 26. Nd2 c5 27. Rb1 Qa5 28. Qh7 Rf8 29. Qe4 Rc8 30. d5 Kd8 31. d6 Bc6 32. Qe5 Kd7 33. f5 Qd8 34. Bb5 Qh4+ 35. Kd1 Bxb5 36. Rxb5 Qa4+ 37. Rb3 c4 38. fxe6+ fxe6 39. Qg7+ Kc6 40. Nxc4 Rf1+ 41. Kd2 Qxa2+ 42. Rb2 Qxc4 43. Qb7+ Kxd6 44. Rb6+ axb6 45. Qxb6+ Ke7 46. Qb7+ Rc7 0-1

[Event "VIE-chB"]
[Site "Ba Dinh"]
[Date "2018.12.01"]
[Round "6"]
[White "Dang, Hoang Son"]
[Black "Pham, Minh Hieu"]
[Result "1-0"]
[WhiteElo "2334"]
[BlackElo "1944"]
[PlyCount "67"]
[EventDate "2018.11.28"]
[EventType "swiss"]
[EventRounds "9"]
[EventCountry "VIE"]
[SourceTitle "EXT 2021"]
[Source "ChessBase"]
[SourceDate "2020.10.23"]
[SourceVersion "1"]
[SourceVersionDate "2020.10.23"]
[SourceQuality "1"]

1. d4 Nf6 2. Nc3 d5 3. Bg5 Nbd7 4. f3 e6 5. e4 dxe4 6. fxe4 Be7 7. Nf3 0-0 8. Qd3 c5 9. 0-0-0 cxd4 10. Qxd4 Qb6 11. e5 Bc5 12. Qh4 Be3+ 13. Kb1 Bxg5 14. Nxg5 h6 15. exf6 hxg5 16. Qxg5 Nxf6 17. Bd3 Qb4 18. h3 Qe7 19. h4 Re8 20. Rdf1 e5 21. Rf3 e4 22. Rg3 Nh5 23. Qxh5 exd3 24. Rxd3 g6 25. Qf3 Be6 26. h5 Kg7 27. hxg6 fxg6 28. Qf4 Rh8 29. Re1 Qf6 30. Qc7+ Qf7 31. Qd6 Rae8 32. Rde3 Bxa2+ 33. Nxa2 Rxe3 34. Qd4+ 1-0

[Event "VIE-chB"]
[Site "Ba Dinh"]
[Date "2018.11.30"]
[Round "5"]
[White "Nguyen, Hoang Nam2222"]
[Black "Pham, Minh Hieu"]
[Result "1-0"]
[WhiteElo "2162"]
[BlackElo "1944"]
[PlyCount "73"]
[EventDate "2018.11.28"]
[EventType "swiss"]
[EventRounds "9"]
[EventCountry "VIE"]
[SourceTitle "EXT 2021"]
[Source "ChessBase"]
[SourceDate "2020.10.23"]
[SourceVersion "1"]
[SourceVersionDate "2020.10.23"]
[SourceQuality "1"]

1. c4 c5 2. g3 g6 3. Bg2 Bg7 4. Nc3 Nc6 5. e3 Nf6 6. Nge2 0-0 7. 0-0 d6 8. d4 cxd4 9. exd4 Bf5 10. h3 Qc8 11. g4 Bd7 12. Be3 e5 13. Rc1 Ne8 14. dxe5 dxe5 15. Bc5 Nc7 16. Bxf8 Bxf8 17. Nd5 Bg7 18. b4 Qd8 19. b5 Nd4 20. Nxd4 exd4 21. Re1 Ne6 22. Qf3 Rc8 23. Qa3 Ra8 24. Ne7+ Kh8 25. Bxb7 Bf8 26. Qf3 Rb8 27. Nc6 Bxc6 28. Bxc6 Ng5 29. Qd3 Qd6 30. Bg2 Ne6 31. Qg3 Qb6 32. a4 Bd6 33. Qf3 Kg7 34. Qd5 Rd8 35. c5 Bxc5 36. Rxe6 fxe6 37. Qxc5 1-0

[Event "VIE-ch U20"]
[Site "Hai Phong"]
[Date "2018.07.09"]
[Round "3"]
[White "Pham, Minh Hieu"]
[Black "Nguyen, Van Toan Thanh"]
[Result "1/2-1/2"]
[WhiteElo "1748"]
[BlackElo "1753"]
[PlyCount "23"]
[EventDate "2018.07.07"]
[EventType "swiss"]
[EventRounds "7"]
[EventCountry "VIE"]
[SourceTitle "EXT 2019"]
[Source "ChessBase"]
[SourceDate "2018.10.10"]
[SourceVersion "1"]
[SourceVersionDate "2018.10.10"]
[SourceQuality "1"]

1. d4 d5 2. Bf4 Nf6 3. e3 e6 4. c3 Bd6 5. Bxd6 Qxd6 6. Nd2 0-0 7. Bd3 c5 8. f4 Nc6 9. Qe2 cxd4 10. cxd4 Nb4 11. Bb1 b6 12. Bd3 1/2-1/2

[Event "VIE Cup"]
[Site "Bac Giang"]
[Date "2018.06.04"]
[Round "8"]
[White "Pham, Minh Hieu"]
[Black "Nguyen, Quoc Hy"]
[Result "0-1"]
[WhiteElo "1942"]
[BlackElo "2099"]
[PlyCount "54"]
[EventDate "2018.05.30"]
[EventType "swiss"]
[EventRounds "9"]
[EventCountry "VIE"]
[SourceTitle "CBM 184 Extra"]
[Source "ChessBase"]
[SourceDate "2018.06.28"]
[SourceVersion "1"]
[SourceVersionDate "2018.06.28"]
[SourceQuality "1"]

1. e4 c5 2. Nc3 Nc6 3. g3 g6 4. Bg2 Bg7 5. d3 d6 6. Be3 Nf6 7. h3 0-0 8. Qd2 Nd4 9. Nce2 e5 10. c3 Nc6 11. f4 Re8 12. Nf3 c4 13. fxe5 dxe5 14. Bg5 cxd3 15. Bxf6 Bxf6 16. Nc1 Qb6 17. Nxd3 Rd8 18. 0-0-0 Be6 19. Kb1 Qa6 20. b3 Rac8 21. Qe3 b6 22. Rd2 Qa3 23. Rhd1 Rd7 24. Ng5 Bxb3 25. axb3 Qxb3+ 26. Nb2 Nb4 27. Rxd7 Qa2+ 0-1

[Event "VIE Cup"]
[Site "Bac Giang"]
[Date "2018.05.30"]
[Round "1"]
[White "Nguyen, Quoc Truong Son"]
[Black "Pham, Minh Hieu"]
[Result "0-1"]
[WhiteElo "1897"]
[BlackElo "1942"]
[PlyCount "86"]
[EventDate "2018.05.30"]
[EventType "swiss"]
[EventRounds "9"]
[EventCountry "VIE"]
[SourceTitle "CBM 184 Extra"]
[Source "ChessBase"]
[SourceDate "2018.06.28"]
[SourceVersion "1"]
[SourceVersionDate "2018.06.28"]
[SourceQuality "1"]

1. Nf3 Nf6 2. d4 e6 3. c4 b6 4. g3 Bb4+ 5. Nc3 Bb7 6. Bg2 0-0 7. 0-0 d6 8. Bd2 Nbd7 9. a3 Bxc3 10. Bxc3 Ne4 11. Qc2 f5 12. Rfe1 Ndf6 13. Nd2 Qe8 14. f3 Nxd2 15. Qxd2 Qh5 16. Rac1 Nd7 17. b4 Rf6 18. Qf4 g5 19. Qd2 f4 20. g4 Qg6 21. d5 e5 22. Qa2 Rf7 23. Red1 h5 24. h3 hxg4 25. hxg4 Qh6 26. c5 Nf6 27. Be1 Bc8 28. Rd3 e4 29. Rdc3 Bb7 30. cxb6 Bxd5 31. Qb2 cxb6 32. Rc8+ Kh7 33. fxe4 Rxc8 34. Rxc8 Be6 35. Rc3 Bxg4 36. Bh3 Bxh3 37. Qb3 Kg7 38. Rxh3 Qg6 39. Bc3 Qxe4 40. Rh5 Kg6 41. Rh3 g4 42. Rh4 Qe3+ 43. Kf1 g3 0-1